00558 2200205 4500001002100000005001500021035002000036007000300056008004100059020002200100082000800122100001900130245007000149250001200219260003100231300005000262650001000312084001400322990001600336INLIS00000000000035920221027113251 a0010-1022000101ta221027 b 1 ind  a978-602-424-794-2 a8130 aWuri Diningsih1 aSeri Misteri Favorit: Misteri Museum di Batavia /cWuri Diningsih aCet. II aJakarta :bGramedia,c2018 a130 halaman :btidak ada ilustrasi ;c19.5 cm 4afiksi a813 WUR s a00000000457